| 000 | 00338nam a2200121Ia 4500 | ||
|---|---|---|---|
| 008 | 230524s9999 xx 000 0 und d | ||
| 100 | _aDouglas E. Comer | ||
| 245 | 0 | _a"Internetworking with TCP/ IP, Vol-I, (Principles, Protocols, and Architecture)" | |
| 260 | _bPHI | ||
| 500 | _aQuantity Number: 32 | ||
| 650 | _aComp-Sc | ||
| 942 | _cBK | ||
| 999 |
_c49769 _d49769 |
||